<?xml version="1.0" encoding="UTF-8"?>
<record
    xmlns:xsi="http://www.w3.org/2001/XMLSchema-instance"
    xsi:schemaLocation="http://www.loc.gov/MARC21/slim http://www.loc.gov/standards/marcxml/schema/MARC21slim.xsd"
    xmlns="http://www.loc.gov/MARC21/slim">

  <leader>00645cam a2200205 a 4500</leader>
  <datafield tag="999" ind1=" " ind2=" ">
    <subfield code="c">57516</subfield>
    <subfield code="d">57516</subfield>
  </datafield>
  <controlfield tag="001">14601018</controlfield>
  <controlfield tag="005">20221012103338.0</controlfield>
  <controlfield tag="008">061019s2008    mnuab    b    001 0 eng  </controlfield>
  <datafield tag="020" ind1=" " ind2=" ">
    <subfield code="a">9780822571438  </subfield>
  </datafield>
  <datafield tag="041" ind1=" " ind2=" ">
    <subfield code="a">eng</subfield>
  </datafield>
  <datafield tag="080" ind1=" " ind2=" ">
    <subfield code="a">327.2(5.011)+94(5-011) K-75</subfield>
  </datafield>
  <datafield tag="100" ind1="1" ind2=" ">
    <subfield code="a">Kort, Michael,</subfield>
    <subfield code="d">1944-</subfield>
    <subfield code="9">8942</subfield>
  </datafield>
  <datafield tag="245" ind1="1" ind2="4">
    <subfield code="a">The handbook of the Middle East /</subfield>
    <subfield code="c">by Michael G. Kort.</subfield>
  </datafield>
  <datafield tag="264" ind1=" " ind2=" ">
    <subfield code="a">Minneapolis :</subfield>
    <subfield code="b">Twenty-First Century Books,</subfield>
    <subfield code="c">2008.</subfield>
  </datafield>
  <datafield tag="300" ind1=" " ind2=" ">
    <subfield code="a">320 p. :</subfield>
    <subfield code="b">ill., maps ;</subfield>
    <subfield code="c">27 cm.</subfield>
  </datafield>
  <datafield tag="653" ind1=" " ind2=" ">
    <subfield code="a">&#x10E8;&#x10E3;&#x10D0; &#x10D0;&#x10E6;&#x10DB;&#x10DD;&#x10E1;&#x10D0;&#x10D5;&#x10DA;&#x10D4;&#x10D7;&#x10D8;</subfield>
  </datafield>
  <datafield tag="653" ind1=" " ind2=" ">
    <subfield code="a">&#x10DE;&#x10DD;&#x10DA;&#x10D8;&#x10E2;&#x10D8;&#x10D9;&#x10D0;</subfield>
  </datafield>
  <datafield tag="653" ind1=" " ind2=" ">
    <subfield code="a">&#x10D8;&#x10E1;&#x10E2;&#x10DD;&#x10E0;&#x10D8;&#x10D0;</subfield>
  </datafield>
  <datafield tag="942" ind1=" " ind2=" ">
    <subfield code="2">udc</subfield>
    <subfield code="c">BK</subfield>
  </datafield>
  <datafield tag="952" ind1=" " ind2=" ">
    <subfield code="0">0</subfield>
    <subfield code="1">0</subfield>
    <subfield code="2">udc</subfield>
    <subfield code="4">0</subfield>
    <subfield code="6">32725011945011_K75</subfield>
    <subfield code="7">0</subfield>
    <subfield code="9">89227</subfield>
    <subfield code="a">CPL</subfield>
    <subfield code="b">CPL</subfield>
    <subfield code="c">GEN</subfield>
    <subfield code="d">2020-07-01</subfield>
    <subfield code="g">48.00</subfield>
    <subfield code="o">327.2(5.011)+94(5-011) K-75</subfield>
    <subfield code="p">60716</subfield>
    <subfield code="r">2020-07-01</subfield>
    <subfield code="t">60716</subfield>
    <subfield code="w">2020-07-01</subfield>
    <subfield code="y">BK</subfield>
    <subfield code="z">48 &#x10DA;.</subfield>
  </datafield>
</record>
